01618cam a2200289 a 450000100090000000300120000900500170002100800410003801000170007902000190009604000180011504200080013305000210014108200260016208400450018810000170023324500580025026000470030830000330035550400640038852006740045265000300112665000250115665000310118165000640121265000520127617354985Nust- CAS-E20180118181403.0120620s2013 flua b 001 0 eng  a 2012023163 a9781466510173  aDLCcDLCdDLC apcc00aTJ808b.K37 201300a621.042223bKAR 2013 aSCI024000aTEC009010aTEC0090702bisacsh1 aKarim, G. A.10aFuels, energy, and the environment /cGhazi A. Karim. aBoca Raton, FL :bTaylor & Francis,c2013. axv, 341 p. :bill. ;c24 cm. aIncludes bibliographical references (p. 325-332) and index. a"Developed specifically for mechanical chemical, and petroleum engineering students, this book provides an up-to-date, informed, well-integrated, and balanced overview of the field of fuels science and technology with particular reference to energy supplies, efficiency, and the environment. It is an integrated yet simplified and concise presentation of the factors and processes that control the suitability of various types of fuels in combustion systems and their impact on the environment. This approach also links supportively with related conventional engineering courses such as thermodynamics, combustion, environmental engineering, chemistry, and materials"-- 0aRenewable energy sources. 0aEnergy conservation. 7aSCIENCE / Energy2bisacsh. 7aTECHNOLOGY & ENGINEERING / Chemical & Biochemical2bisacsh. 7aTECHNOLOGY & ENGINEERING / Mechanical2bisacsh.